000 00384nam a2200145 a 4500
005 20260322212044.0
008 data
096 _aWZ 70 D93h 1965
100 1 _aDurbin, Carolyn B.
245 1 0 _aHistory of Tucson Medical Center
_cCarolyn B. Durbin.
260 _bCarolyn B. Durbin
_cc1965
650 0 2 _aHospitals
_xhistory
_zArizona
650 4 _aTucson Medical Center
_xhistory
001 data
999 _c1029
_d1029